000 00260pam a2200121 a 4500
020 _c
041 _aeng
100 _aPritcbard.J.P.
245 _aCriticison In America
_hTextual Documents
260 _a[s.l]:
_bLyall Books
300 _a325p.
930 _a15564
999 _c92464
_d92464